00509nam a2200157Ia 4500003000900000008004100009020001800050040001600068080001700084100002100101245011900122260004000241300001600281650003500297650001900332IN-BaIIA211028s9999 xx 000 0 eng d a0-8359-0589-6 cIIA Library a621.317bBRA aBraccio, Michael 0aBasic electrical and electronic tests and measurementscMichael Braccio  aVirginiabReston Publicationsc1978 aviii, 248p. aElectronics tests measurements aNASA Thesaurus